00522nam a2200181Ia 450000500170000000800410001702000180005808200130007624500580008926000280014730000120017565000120018765000080019965000170020794200060022495200950023099900150032520240604005441.0240331s9999 xx 000 0 und d a9789380536156 bAYOa345 0aOn the Ayodhya Judgement of the Allahabad High Court  aNew DelhibSAHMATc2010 a64 p ., aHistory aLaw aHuman rights cL 001040708LaWERCLbWERCLcSSCd2024-03-31l0o 345 AYOp6674r2024-03-31w2024-03-31yL c5696d5696